|
000
|
01428nam 2200277 450
|
|
001
|
012019000346
|
|
005
|
20191014143617.9
|
|
010
|
|
@a978-7-5130-6008-0@dCNY68.00
|
|
100
|
|
@a20190303d2019 em y0chiy50 ea
|
|
101
|
0
|
@achi
|
|
102
|
|
@aCN@b110000
|
|
105
|
|
@aak z 000yy
|
|
106
|
|
@ar
|
|
200
|
1
|
@a注册消防工程师考试真题精讲一本通@Azhu ce xiao fang gong cheng shi kao shi zhen ti jing jiang yi ben tong@e历年真题解析与视频讲解@f帮考网组织编写
|
|
210
|
|
@a北京@c知识产权出版社@d2019.1
|
|
215
|
|
@a307页@c图@d29cm
|
|
225
|
2
|
@a注册消防工程师考试点石成金系列丛书@Azhu ce xiao fang gong cheng shi kao shi dian shi cheng jin xi lie cong shu
|
|
300
|
|
@a根据2015-2018年消防考试真题编写 2019年
|
|
330
|
|
@a本书属于《注册消防工程师考试点石成金系列丛书》, 是配合《注册消防工程师考试点石成金一本通》而编写的一本真题辅导用书。本书严格依据最新国家消防标准规范编写, 集2015-2018年《消防安全技术实务》《消防安全技术综合能力》《消防安全案例分析》3个科目共12套真题于一体, 对真题进行详细分析和细致讲解, 帮助考生在短时间内了解考试的考查要点, 掌握命题思路, 提高应试水平。
|
|
410
|
0
|
@12001 @a注册消防工程师考试点石成金系列丛书
|
|
517
|
1
|
@a历年真题解析与视频讲解@Ali nian zhen ti jie xi yu shi pin jiang jie
|
|
606
|
0
|
@a消防@Axiao fang@x安全技术@x资格考试@j题解
|
|
690
|
|
@aTU99@v5
|
|
711
|
02
|
@a帮考网@Abang kao wang@4组织编写
|
|
801
|
0
|
@aCN@bCDNYKJZYXY@c20191014
|
|
905
|
|
@aCDNYKJZYXY@b300603610-2@dTU99@e196@f3
|
|
|
|
|
| |
| 注册消防工程师考试真题精讲一本通:历年真题解析与视频讲解/帮考网组织编写.-北京:知识产权出版社,2019.1 |
| 307页:图;29cm.-(注册消防工程师考试点石成金系列丛书) |
| 根据2015-2018年消防考试真题编写 2019年 |
| |
| ISBN 978-7-5130-6008-0:CNY68.00 |
| 本书属于《注册消防工程师考试点石成金系列丛书》, 是配合《注册消防工程师考试点石成金一本通》而编写的一本真题辅导用书。本书严格依据最新国家消防标准规范编写, 集2015-2018年《消防安全技术实务》《消防安全技术综合能力》《消防安全案例分析》3个科目共12套真题于一体, 对真题进行详细分析和细致讲解, 帮助考生在短时间内了解考试的考查要点, 掌握命题思路, 提高应试水平。 |
| ● |
正题名:注册消防工程师考试真题精讲一本通
索取号:TU99/196
 
预约/预借
| 序号
|
登录号
|
条形码
|
馆藏地/架位号
|
状态
|
备注
|
|
1
|
603610
|
300603610
|
柳城-5楼/47架11列2层/
[索取号:TU99/196]
|
在馆
|
|
|
2
|
603611
|
300603611
|
柳城-5楼/47架11列2层/
[索取号:TU99/196]
|
在馆
|
|
|
3
|
603612
|
300603612
|
柳城-5楼/47架11列2层/
[索取号:TU99/196]
|
在馆
|
|